Direccin̤ estratǧica con enfoque sistm̌ico

Detalles Bibliográficos
Autor principal: Plazas Porras, Alberto
Formato: eBook
Lenguaje:español
Publicado: Bogot:̀ Ediciones de la U, 2020
Materias:
Acceso en línea:Acceso restringido

MARC

LEADER 00000nam a22000007a 4500
005 20210616232758.0
007 cr|||| ||||
008 210616s2020 co |||||s|||| 00||0 spa d
020 |a 978-958-792-217-2 
035 |a 33455 
040 |a vLex 
090 |c 11799  |d 11799 
100 1 |a Plazas Porras, Alberto 
245 1 0 |a Direccin̤ estratǧica con enfoque sistm̌ico  |h [Recurso electrn̤ico] /  |c Alberto Plazas Porras 
256 |a Servicio en ln̕ea 
260 |a Bogot:̀  |b Ediciones de la U,  |c 2020 
300 |a 1 recurso electrn̤ico 
500 |a Esta propuesta es el resultado de haber dado forma a las notas de clase utilizadas en los cursos de Direccin̤ Estratǧica, desde 2011 a 2020, en los prograƠmas de pregrado y posgrado de universidades en la ciudad de Bogot.̀Es claro que existen muchos libros escritos en relacin̤ con este importante tema, la mayora̕ en Estados Unidos de Amřica; en ellos se presentan modeƠlos que facilitan el desarrollo del proceso estratǧico, buscando ayudar a las organizaciones que los usan a diseąr planes que les permitan proyectarse a mediano y largo plazo.La estrategia se centra en buscar acciones que permitan a una organizacin̤ ir tras un futuro deseado. Normalmente se piensa que esto es aplicable solamenƠte a organizaciones con ǹimo de lucro, pero, en realidad, es una poderosa heƠrramienta para todo tipo de organizacin̤, sea privada o pb︢lica, as ̕como para sectores industriales, Gobiernos locales, regiones, micro y pequeąs empresas e incluso para la administracin̤ de pas̕es. La plataforma estratǧica debe elaƠborarse a la medida de cada organizacin̤, dado que no existe una solucin̤ o un esquema preestablecido que pueda ser generalizado y usado en organizaƠciones similares. El procedimiento por seguir es posible estandarizarlo, pero requiere que los responsables desarrollen un cuidadoso trabajo de adaptacin̤ al contexto y el uso de los conceptos y modelos. 
506 1 |a Disponible solo en los productos indicados  |d vLex Global  |d vLex Global (Academic Edition, excluding Law Schools)  |d vLex Global (U.S. Academic Edition, Law Schools)  |d vLex Global (U.S. Academic Edition, excluding Law Schools)  |d vLex Global (Academic Edition, Law Schools) 
650 0 4 |a Administracin̤ (Management)  |z Colombia 
740 0 |a vLex Libros (Servicio en ln̕ea) 
856 4 0 |u https://vlex.com/source/direccion-estrategica-con-enfoque-sistemico-33455  |z Acceso restringido 
942 |c BOOK 
999 0 |a Management